Catálogo 2014 (Record no. 10010)
[ view plain ]
| 000 -LEADER | |
|---|---|
| campo de control de longitud fija | 00332nam a2200133Ia 4500 |
| 001 - NÚMERO DE CONTROL | |
| campo de control | 3897 |
| 008 - DATOS DE LONGITUD FIJA--INFORMACIÓN GENERAL | |
| campo de control de longitud fija | 241024s9999 xx 000 0 und d |
| 082 ## - NÚMERO DE LA CLASIFICACIÓN DECIMAL DEWEY | |
| Número de clasificación | R/RD/972.97293/F981c/2014 |
| 100 ## - ENTRADA PRINCIPAL--NOMBRE DE PERSONA | |
| Nombre de persona | Fundación Juan Bosch |
| 245 #0 - MENCIÓN DEL TÍTULO | |
| Título | Catálogo 2014 |
| 260 ## - PUBLICACIÓN, DISTRIBUCIÓN, ETC. | |
| Nombre del editor, distribuidor, etc. | Santo Domingo |
| Fecha de publicación, distribución, etc. | 2014 |
| 901 ## - ELEMENTOS DE DATOS A LOCAL LDA (RLIN) | |
| a | 28/1/2015 3:31:37 p.m. |
No items available.